000 01052nas a2200349 4500
001 BR9001034
003 BR-BrBNA
005 20231205091826.0
007 ta
008 230509b bl.|||p| |||| 00| 00por d
040 _aBR-BrBNA
_bpor
_cBiblioteca Nacional de Agricultura
041 _a(Pt)
072 _aF04; P35
100 1 _aSousa, D.M.G. de
100 1 _aMiranda, L.N. de
100 1 _aLobato, E.
100 1 _aCastro, L.H.R. de
245 1 _aMetodos para determinar as necessidades de calagem em solos dos cerrados
246 1 _aEvaluation of methods to predict lime requirements for savannas soils
650 _aCERRADO
650 _aSOLO
650 _aCALAGEM
650 _aCALCARIO
650 _aMATO GROSSO
650 _aMINAS GERAIS
650 _aMATO GROSSO DO SUL
650 _aGOIAS
650 _aDISTRITO FEDERAL
773 0 _tRevista Brasileira de Ciencia do Solo (Brazil)
_xISSN 0100-0683
_g(May-Aug 1989), v. 13(2) p. 193-198
_wBR9001034
909 _a202311
_bLúcia
_c55
_dLúcia Elande
942 _2AGRIS
_n0
_cANA
999 _c127587
_d127587